00740nam a2200205 a 450000100100000000500170001000800410002702000150006804000250008308200150010824500800012326000290020330000210023249000460025350000730029950400310037270000320040370000510043583000480048600004382620201002045006.0140506s1978 sp 000 0 spa d a8430621059 aDO-SdBNPbspacBNPHU axxxxbxxxx00aLeopoldo Alas «Clarin» /cedición de José María Martínez Cachero. aMadrid :bTaurus,c1978. a276 p. ;c21 cm.1 aPerfilesael escritor y la críticav105 aIncluye referencias bibliográficas y notas al pie de las páginas aBibliografía: p. 273-27612aAlas, Leopoldo,d1852-1901.12aMartínez Cachero, José Maríad1924-2010. 0aPerfiles ;pEl escritor y la crítican105